Iuridica 2/1982

Gespeichert in:
Bibliographische Detailangaben
Format: Buch
Sprache:Tschechisch
Veröffentlicht: Praha Univerzita Karlova 1982
Schriftenreihe:Acta Universitatis Carolinae
Tags: Tag hinzufügen
Keine Tags, Fügen Sie das erste Tag hinzu!

MARC

LEADER 00000nam a2200000 4500
001 c131155
005 20221220095801.5
041 0 |a cze 
044 |a CZ 
245 1 0 |a Iuridica 2/1982 
264 1 |a Praha  |b Univerzita Karlova  |c 1982 
300 |a 183 s. 
490 1 |a Acta Universitatis Carolinae 
830 0 |a Acta Universitatis Carolinae